| 000 | 01129cam a2200313 a 4500 | ||
|---|---|---|---|
| 001 | 2033471 | ||
| 005 | 20151113113808.0 | ||
| 008 | 921104s1993 nyua b 001 0 eng | ||
| 010 | _a 92039449 | ||
| 020 | _a0415906237 (CL) | ||
| 020 | _a0415906245 (PB) | ||
| 040 |
_aDLC _cDLC _dDLC _dOCoLC _dDLC |
||
| 050 | 0 | 0 |
_aB29 _b.Q475 1993 |
| 082 | 0 | 0 |
_a190/.9/04 _220 |
| 100 |
_aSilverman, Hugh J. _eed. _919606 |
||
| 245 | 0 | 0 |
_aQuestioning foundations : _btruth/subjectivity/culture / _cedited by Hugh J. Silverman. |
| 260 |
_aNew York : _bRoutledge, _c1993. |
||
| 300 |
_a305 p. : _bill. ; _c22 cm. |
||
| 440 | 0 |
_aContinental philosophy ; _v5 _921092 |
|
| 504 | _aIncludes bibliographical references (p. 255-299) and index. | ||
| 650 | 0 |
_aPhilosophy. _921093 |
|
| 650 | 0 |
_aTruth. _921094 |
|
| 650 | 0 |
_aSubjectivity. _96385 |
|
| 650 | 0 |
_aCulture _xPhilosophy. _96330 |
|
| 700 | 1 |
_aSilverman, Hugh J. _919606 |
|
| 906 |
_a7 _bcbc _corignew _d1 _eocip _f19 _gy-gencatlg |
||
| 942 |
_2lcc _cMONOGRAPH |
||
| 999 |
_c123789 _d123789 |
||